It looks like you're offline.
Open Library logo
additional options menu

MARC Record from marc_columbia

Record ID marc_columbia/Columbia-extract-20221130-032.mrc:212020476:4311
Source marc_columbia
Download Link /show-records/marc_columbia/Columbia-extract-20221130-032.mrc:212020476:4311?format=raw

LEADER: 04311cam a2200805 a 4500
001 15923827
005 20220213000459.0
006 m o d
007 cr bn||||||abp
007 cr bn||||||ada
008 100325s1988 nju o 001 0 eng d
010 $a 88005934
035 $a(OCoLC)ocn573196545
035 $a(NNC)15923827
040 $aOCLCE$beng$epn$cOCLCE$dOCLCQ$dOCLCA$dOCLCQ$dUMI$dDEBSZ$dOCLCQ$dOCLCF$dOCLCQ$dOCLCO$dOCLCA$dOCLCQ$dYDX$dN$T$dOCLCO$dZCU$dOCLCQ$dOCLCO$dCEF$dWYU$dUAB$dUKBTH$dOCLCA$dHS0$dUKAHL$dVT2$dERF$dAUD$dUHL$dINARC$dOCLCQ$dOCLCO
019 $a835960408$a1044293912$a1056373107$a1074309905$a1083196300$a1113726563$a1159615898$a1180310365$a1191043014$a1202540168$a1204038366$a1204499746$a1224939016$a1227636806$a1233064554$a1236195830$a1244030454$a1244596773$a1258246522$a1273353640
020 $a9780133086218$q(electronic bk.)
020 $a0133086216$q(electronic bk.)
020 $a0133086232
020 $a9780133086232
020 $z9780133086249
020 $z0133086240
020 $z0131103709
020 $z9780131103702
020 $z0131103628$q(pbk.)
020 $z9780131103627$q(pbk.)
024 8 $a9780133086249
035 $a(OCoLC)573196545$z(OCoLC)835960408$z(OCoLC)1044293912$z(OCoLC)1056373107$z(OCoLC)1074309905$z(OCoLC)1083196300$z(OCoLC)1113726563$z(OCoLC)1159615898$z(OCoLC)1180310365$z(OCoLC)1191043014$z(OCoLC)1202540168$z(OCoLC)1204038366$z(OCoLC)1204499746$z(OCoLC)1224939016$z(OCoLC)1227636806$z(OCoLC)1233064554$z(OCoLC)1236195830$z(OCoLC)1244030454$z(OCoLC)1244596773$z(OCoLC)1258246522$z(OCoLC)1273353640
037 $aCL0500000205$bSafari Books Online
050 4 $aQA76.73.C15$bK47 1988
060 4 $aQA 76.73.C15 K39c 1988
072 7 $aCOM$x051060$2bisacsh
082 04 $a005.13/3$219
084 $a54.53$2bcl
049 $aZCUA
100 1 $aKernighan, Brian W.
245 14 $aThe C programming language /$cBrian W. Kernighan, Dennis M. Ritchie.
250 $a2nd ed.
260 $aEnglewood Cliffs, N.J. :$bPrentice Hall,$c©1988.
300 $a1 online resource (xii, 272 pages)
336 $atext$btxt$2rdacontent
337 $acomputer$bc$2rdamedia
338 $aonline resource$bcr$2rdacarrier
347 $atext file
490 0 $aPrentice Hall software series
505 00 $gch. 1.$tTutorial introduction --$gch. 2.$tTypes, operators, and expressions --$gch. 3.$tControl flow --$gch. 4.$tFunctions and program structure --$gch. 5.$tPointers and arrays --$gch. 6.$tStructures --$gch. 7.$tInput and output --$gch. 8.$tUNIX system interface.
520 $aIntroduces the features of the C programming language, discusses data types, variables, operators, control flow, functions, pointers, arrays, and structures, and looks at the UNIX system interface.
506 $3Use copy$fRestrictions unspecified$2star$5MiAaHDL
533 $aElectronic reproduction.$b[Place of publication not identified] :$cHathiTrust Digital Library,$d2010.$5MiAaHDL
538 $aMaster and use copy. Digital master created according to Benchmark for Faithful Digital Reproductions of Monographs and Serials, Version 1. Digital Library Federation, December 2002.$uhttp://purl.oclc.org/DLF/benchrepro0212$5MiAaHDL
583 1 $adigitized$c2010$hHathiTrust Digital Library$lcommitted to preserve$2pda$5MiAaHDL
588 0 $aPrint version record.
542 $fCopyright © 1988, 1978 by Bell Telephone Laboratories, Incorporated.$g1988
500 $aIncludes index.
504 $aIncludes index.
650 0 $aC (Computer program language)
650 2 $aComputers
650 2 $aSoftware
650 6 $aC (Langage de programmation)
650 7 $aCOMPUTERS$xProgramming Languages$xC.$2bisacsh
650 7 $aC (Computer program language)$2fast$0(OCoLC)fst00843279
650 17 $aC (programmeertaal)$2gtt
650 7 $aLinguagem De Programacao (Outras)$2larpcal
653 $aProgramming languages
655 4 $aElectronic books.
700 1 $aRitchie, Dennis M.,$d1941-2011.
776 08 $iPrint version:$aKernighan, Brian W.$tC programming language.$b2nd ed.$dEnglewood Cliffs, N.J. : Prentice Hall, ©1988$w(DLC) 88005934$w(OCoLC)17650642
856 40 $uhttp://www.columbia.edu/cgi-bin/cul/resolve?clio15923827$zAll EBSCO eBooks
891 $a.o12081620
852 8 $blweb$hEBOOKS